| 000 | 00454nam a2200169Ia 4500 | ||
|---|---|---|---|
| 008 | 230711s9999||||xx |||||||||||||| ||und|| | ||
| 020 | _a978-0-85709-006-5 | ||
| 041 | _aENG | ||
| 082 |
_a677.02822 _bPU-Q |
||
| 100 | _aPurushothama,B | ||
| 245 | 2 | _aA practical guide to quality management in spinning | |
| 250 | _a1st Ed. | ||
| 260 |
_c2011 _aCamberidge _bWoodhead Publishing Pvt Ltd |
||
| 300 | _a239p. | ||
| 650 | _aTextile Engineering | ||
| 942 | _cBK | ||
| 999 |
_c5820 _d5820 |
||